| 000 | 00678nam a22001817a 4500 | ||
|---|---|---|---|
| 003 | BD-DhUL | ||
| 005 | 20161030124124.0 | ||
| 008 | 161030b1954 bg |||| |||| 000 0 ben d | ||
| 040 |
_aBD-DhUL _cBD-DhUL |
||
| 082 |
_a891.443 _bKAJ |
||
| 100 | _a আহমদ, কাজী আফসার উদ্দিন | ||
| 245 | 1 |
_aজ্বালাও আলো / _cকাজী আফসার উদ্দিন আহমদ |
|
| 260 |
_aঢাকা : _bসিটি পাবলিশার্স, _c১৯৫৪। |
||
| 300 |
_a১২৫ পৃ. ; _c১৬ সেমি. |
||
| 650 | _aবাংলা উপন্যাস। | ||
| 650 | _aBengali novel. | ||
| 942 |
_2ddc _cBK |
||
| 999 |
_c116911 _d116911 |
||